• 首页
  • 本馆介绍
  • 公告通知
  • 最新文献
  • 馆藏检索
  • 电子资源
  • 读者导购
  • 参考咨询
  • 我的图书馆
  • 登录
  • 详细信息显示
  • 放入我的书架
  • 预约/预借图书
  • 作者相关作品
  • 分类相关作品
  • 丛书相关作品
  • 出版社相关作品

书目信息

  • 表格格式
  • 工作单格式
  • 卡片格式
题名:
致癌食物与防癌抗癌食物
    
 
作者: 谢英彪 , 杨斌 主编 ;卞玉凡 编著
分册:  
出版信息: 北京   金盾出版社  2019
页数: 466页
开本: 21cm
丛书名:
单 册:
中图分类: R730.231 , R247.1
科图分类:
主题词: 饮食--yin shi--致癌因素--基本知识 , 癌--ai--食物疗法--基本知识
电子资源:
ISBN: 978-7-5186-0587-3
000 00865nam0 2200289 45
001 012001003292
005 20191204111900.60
010    @a978-7-5186-0587-3@dCNY45.00
099    @aCAL 012016124077
100    @a20161022d2016 em y0chiy50 ea
101 0  @achi
102    @aCN@b110000
105    @aaf z 000yy
106    @ar
200 1  @a致癌食物与防癌抗癌食物@Azhi ai shi wu yu fang ai kang ai shi wu@f主编谢英彪, 杨斌@g编著卞玉凡
205    @a第2版
210    @a北京@c金盾出版社@d2019
215    @a466页@c彩图@d21cm
606 0  @a饮食@Ayin shi@x致癌因素@x基本知识
606 0  @a癌@Aai@x食物疗法@x基本知识
690    @aR730.231@v5
690    @aR247.1@v5
701  0 @a谢英彪@Axie ying biao@4主编
701  0 @a杨斌@Ayang bin@4主编
702  0 @a卞玉凡@Abian yu fan@4编著
801  2 @aCN@b北京卓展@c20191020
905    @b1211105-8@dR730.231@e26=2@f4
    
    致癌食物与防癌抗癌食物/主编谢英彪, 杨斌/编著卞玉凡.-第2版.-北京:金盾出版社,2019
    466页:彩图;21cm
    
    
    ISBN 978-7-5186-0587-3:CNY45.00
    
●
相关链接 在E读中查询图书 在五车中查询图书 在当当中查询图书 在豆瓣中查询图书


正题名:致癌食物与防癌抗癌食物     索取号:R730.231/26=2         预约/预借

序号 登录号 条形码 馆藏地/架位号 状态 备注
1 1211105   212111052   第二样本阅览室/ [索取号:R730.231/26=2] 在馆    
2 1211106   212111061   第三借阅区/ [索取号:R730.231/26=2] 在馆    
3 1211107   212111070   第三借阅区/ [索取号:R730.231/26=2] 在馆    
4 1211108   212111089   第三借阅区/ [索取号:R730.231/26=2] 在馆    
唐山师范学院图书馆 欢迎您!
大连网信软件有限公司© 版权所有